One Piece quiz ultime 9 - Arc Little Garden - Statistiques

Statistiques générales
  • Ce quiz a été pris 23 fois
  • Le résultat moyen est 23 sur 65
Statistiques - réponses
Question Réponse % Correct
Depuis combien de temps Dorry et Brogy se battent-ils ? 100 ans
95%
D'où viennent Dorry et Brogy ? Elbaph / Erbaf
95%
Quels animaux bien particuliers peuple l'île ? Des dinosaures
90%
Que signifie littéralement Little Garden ? Petit jardin
90%
Combien d'années un géant peut-il vivre en général ? 300 ans
85%
Quel lieu indique l'Eternal Pose que Sanji récupère sur les Unluckies ? Alabasta
85%
Qui a piégé ce qu'a bu Dorry ? Mr. 3
85%
Quel fruit a mangé Mr. 3 ? Ciro-Fruit / Doru Doru no Mi
80%
Que fait la mèche de Mr. 3 lorsqu'il utilise son fruit ? Elle brûle
80%
Quel est le vrai nom de Mr. 3 ? Galdino
75%
Qu'est-ce que Zoro a voulu se trancher pour essayer de se libérer de la structure de cire ? Ses jambes
75%
Combien de berrys vallent chacun des géants ? 100.000.000
70%
Quel est le surnom de Dorry ? Le démon bleu
70%
Quel est le surnom de Brogy ? Le démon rouge
70%
En quoi Zoro, Nami, Vivi et Brogy seront-ils transformés à cause de la structure de cire ? En statues
65%
Quel dinosaure Zoro a-t-il tué pour sa partie de chasse ? Un tricératops
65%
Combien de temps faut-il pour que le Log Pose se recharge sur l'île ? 1 an
60%
Qu'est-ce qui a explosé dans la bouche de Dorry ? L'alcool des tonneaux
60%
Qu'est-ce que Mr. 3 a construit dans la jungle ? Une maison
60%
Dans quelle structure de cire Zoro, Nami et Vivi sont-ils bloqués ? Un gâteau
60%
Quelle mission Mr. 0 donne-t-il à Mr. 2 suite au rapport de Sanji ? Éliminer Mr. 3
55%
Qu'est-ce qui sert de signal pour combattre à Dorry et Brogy ? Un volcan
55%
Quelle bille Usopp a-t-il fait avalé à Mr. 5 en lui faisant croire que c'était une bille explosive ? Bille au Tabasco /Tokusei Tabasco Boshi
50%
Qu'utilise Mr. 5 comme munition pour son revolver ? Son haleine
50%
Qui bat Miss Goldenweek ? Kaloo
45%
Quel type d'escargophone est un appareil d'écoute ? Escargophone noir
40%
Qui est la partenaire de Mr. 11 ? Miss Thursday
40%
Quel est le nom de l'auteur du livre qui parle de Little Garden ? Louis Arnote
35%
Qui sont les deux personnes à avoir vaincu Miss Valentine ? Nami et Vivi
35%
Quel est le nom du poisson rouge géant ? Gobe-îles
30%
Quel est le vrai nom de Miss Goldenweek ? Marianne
30%
Quelle technique est utilisée par Dorry et Brogy pour tuer le poisson rouge géant ? Perforation / Hakoku
30%
Comment s'appellent les techniques d'hypnose de Miss Goldenweek ? Colors Trap
25%
Quel est le rire de Brogy ? Gabababababa
25%
Quel thé Mr. 3 boit-il ? Un thé Earl Grey
25%
Quel est le nom du livre qui parle de Little Garden ? Brag Men
20%
Grâce à quel facteur, Dorry a-t-il survécu à la hache de Brogy ? Grâce à l'usure
20%
Quel est le nom de la technique de la couleur noir de Miss Goldenweek ? Le noir de la trahison
20%
Quel nom de restaurant Sanji invente-t-il lorsqu'il parle à Mr. 0 a travers un escargophone ? Restaurant Delacrasse
20%
Quel dinosaure Sanji a-t-il tué pour sa partie de chasse ? Un tyrannosaure
20%
De combien est la prime de Mr. 3 ? 24.000.000
15%
Comment s'appelle la technique de Mr. 3 qui consiste à immobiliser une personne ? Candle Lock
15%
Quelle technique de Mr. 5 consiste à projeter une crotte de nez ? Nose Fancy Canon
15%
Quel est le nom de la technique de la couleur bleue de Miss Goldenweek ? Le bleu du désespoir
10%
Quel est le nom de la technique de la couleur jaune de Miss Goldenweek ? Le jaune du fou rire
10%
Quelle est la seule chose qui résiste aux armes des géants ? Le Serpent Rouge de Sang
10%
Quel est le nom de la technique de la couleur verte de Miss Goldenweek ? Le vert de la détente
10%
Quel type de bento Sanji prepare-t-il a Luffy ? Un spécial pirate
10%
De combien est la prime de Miss Goldenweek ? 29.000.000
5%
Avec quelle technique Zoro bat-il Mr. 5 ? Burning Demon Slash /Yaki Oni Giri
5%
Quel est le rire de Dorry ? Gegyagyagyagya
5%
Avec quelle technique Luffy bat-il Mr. 3 ? Gum Gum Stamp /Gomu Gomu no Stamp
5%
Combien de matchs nuls Dorry et Brogy ont-ils réalisés ? 73 466
0%
Comment s'appelle la hache de Brogy ? Bruiser Axe
0%
Quel sabre utilisait Mr. 11 avant que Tashigi ne lui prenne ? Kashu
0%
Sur quelle île Mr. 3 et Miss Goldenweek étaient-ils en vacances ? Kyuka Island / Holiday Island
0%
Quel est le surnom de Miss Goldenweek ? Le drapeau de la liberté
0%
Quel est le nom de la technique de la couleur rouge de Miss Goldenweek ? Le rouge du taureau furieux
0%
Quel est le surnom de Mr. 3 ? L'usurier
0%
Quel est le nom du bateau de Mr. 5 et Miss Valentine ? Pop Rock Candy
0%
Pour quelle raison Dorry et Brogy ont-ils commencer à se battre ? Pour savoir qui à tué le plus gros monstre
0%
Sur quelle île Smoker et Tashigi ont-ils capturés Mr. 11 ? Renaisse / Lunès
0%
Comment s'appelle l'épée de Dorry ? Terry Sword
0%
Quel animal géant l'équipage a-t-il croisé en mer ? Un dauphin
0%
Quel type de revolver Mr. 5 utilise-t-il ? Un revolver à six coups calibre 44 spécial à silex intégré
0%
Aucun quiz correspondant
Distribution des résultats
% des personnes avec chaque résultat
Percentile par nombre de réponses
Votre historique - résultats
Vous n’avez pas pris ce quiz